000 00321nam a2200109Ia 4500
008 160531s9999 xx 000 0 und d
100 _aKeogh, Tom Betsy.
245 _aMicrobiology Demystified, 2nd Edition
245 _cBy:Jim Keogh, Tom Betsy
260 _c2012
856 _uhttp://file.ebook777.com/014/MicDem2ndEdi.rar
999 _c295449
_d295449